Changing attitudes in Soviet Russia : (Record no. 41917)
[ view plain ]
| 000 -LEADER | |
|---|---|
| fixed length control field | 01025nam a2200265 a 4500 |
| 001 - CONTROL NUMBER | |
| control field | 41917 |
| 003 - CONTROL NUMBER IDENTIFIER | |
| rucl marc code | BD-RjUL |
| 005 - DATE AND TIME OF LATEST TRANSACTION | |
| control field | 20211209053453.0 |
| 008 - FIXED-LENGTH DATA ELEMENTS--GENERAL INFORMATION | |
| fixed length control field | 190220s1949 enk 001 0 eng |
| 035 ## - SYSTEM CONTROL NUMBER | |
| System control number | (BD-RjUL)42035 |
| 040 ## - CATALOGING SOURCE | |
| Original cataloging agency | DLC |
| Transcribing agency | ODaWU |
| Modifying agency | OCoLC |
| -- | DLC |
| -- | BD-RjUL |
| Language of cataloging | eng |
| 041 ## - LANGUAGE CODE | |
| Language code of text/sound track or separate title | eng |
| 082 ## - DEWEY DECIMAL CLASSIFICATION NUMBER | |
| Classification number | 306.850947 |
| Author mark and year | CHA 1949 |
| 245 10 - TITLE STATEMENT | |
| Title | Changing attitudes in Soviet Russia : |
| Remainder of title | the family in the U.S.S.R. : documents and readings / |
| Statement of responsibility, etc. | Edited with an Introduction by Rudolf Schlesinger |
| 260 ## - PUBLICATION, DISTRIBUTION, ETC. (IMPRINT) | |
| Place of publication, distribution, etc. | London : |
| Name of publisher, distributor, etc. | Routledge & Kegan Paul, |
| Date of publication, distribution, etc. | 1949 |
| 300 ## - PHYSICAL DESCRIPTION | |
| Pagination | ix, 408p. ; |
| Size | 23 cm. |
| 490 1# - SERIES STATEMENT | |
| Series statement | International library of sociology and social reconstruction |
| 504 ## - BIBLIOGRAPHY, ETC. NOTE | |
| Bibliography, etc | Includes index. |
| 650 ## - SUBJECT ADDED ENTRY--TOPICAL TERM | |
| Topical term or geographic name as entry element | Family |
| Geographic subdivision | U.S.S.R. |
| 9 (RLIN) | 228449 |
| 651 #0 - SUBJECT ADDED ENTRY--GEOGRAPHIC NAME | |
| Geographic name | Soviet Union |
| General subdivision | Social conditions. |
| 9 (RLIN) | 128816 |
| Geographic name | Soviet Union |
| General subdivision | Politics and government |
| Chronological subdivision | 1917-1936. |
| 9 (RLIN) | 125638 |
| 700 ## - ADDED ENTRY--PERSONAL NAME | |
| Personal name | Schlesinger, Rudolf, ed. & Introducer |
| 830 #0 - SERIES ADDED ENTRY--UNIFORM TITLE | |
| Uniform title | International library of sociology and social reconstruction |
| 942 ## - ADDED ENTRY ELEMENTS (KOHA) | |
| Source of classification or shelving scheme | Dewey Decimal Classification |
| Koha item type | Books |
| Lost status | Source of classification or shelving scheme | Damaged status | Not for loan | Collection code | Permanent Location | Current Location | Shelving location | Date acquired | Source of acquisition | Cost, normal purchase price | Total Checkouts | Full call number | Date last seen | Copy number | Koha item type |
|---|---|---|---|---|---|---|---|---|---|---|---|---|---|---|---|
| Dewey Decimal Classification | Non-fiction | Central Library, University of Rajshahi | Central Library, University of Rajshahi | 07/06/2016 | Sweets & Zeitlinger | 30.00 | 306.850947 CHA 1949 | 07/06/2016 | C-2 | Books | |||||
| Dewey Decimal Classification | Not For Loan | Rare Books | Central Library, University of Rajshahi | Central Library, University of Rajshahi | Rare Book Section | 03/02/1955 | U. B. Z.,Rajshahi | 28.00 | RA 306.850947 CHA 1949 | 20/02/2019 | C-1 | Rare Books |